Top 10 Länder nach Apfelproduktion - Statistiken

Allgemein
  • Dieses Quiz wurde 59 mal gespielt
  • Das Durchschnittsergebnis liegt bei 7 aus 10
Antwortstatistiken
Platz Anbaumenge in Tonnen Antwort % Korrekt
1 44.448.575 China
98%
2 4.649.323 Vereinigte Staaten
91%
9 1.919.762 Frankreich
85%
7 2.455.616 Italien
85%
8 1.843.544 Russland
85%
5 2.872.000 Indien
83%
4 2.925.828 Türkei
69%
3 3.604.271 Polen
57%
6 2.799.197 Iran
35%
10 1.759.421 Chile
26%
Keine übereinstimmenden Quizze gefunden
Verteilung der Resultate
Anzahl Personen mit jedem Resultat
Perzentil nach korrekt beantworteten Fragen
Ihre Resultats-Entwicklung
Sie haben dieses Quiz noch nicht gespielt